[Event "Titled Tuesday intern op 12th May"]
[Site "Chess.com INT"]
[Date "2020.05.12"]
[Round "6"]
[White "Aizpurua, Patrick Emilio"]
[Black "Smith, Ricando"]
[Result "1-0"]
[WhiteElo "2310"]
[BlackElo "2282"]
[PlyCount "99"]
[EventDate "2020.05.12"]
[EventType "swiss (blitz)"]
[EventRounds "10"]
[EventCountry "USA"]
[SourceTitle "EXT 2021"]
[Source "ChessBase"]
[SourceDate "2020.10.23"]
[SourceVersion "1"]
[SourceVersionDate "2020.10.23"]
[SourceQuality "1"]

1. d4 Nf6 2. c4 e6 3. Nc3 Bb4 4. Qc2 Nc6 5. Nf3 d6 6. Bg5 h6 7. Bxf6 Qxf6 8. e3 0-0 9. a3 Bxc3+ 10. Qxc3 e5 11. dxe5 Nxe5 12. Nxe5 dxe5 13. Be2 Qg6 14. g3 Bh3 15. 0-0-0 Rfe8 16. g4 Bg2 17. Rhg1 Bc6 18. g5 h5 19. h4 Ba4 20. Rd2 Rad8 21. Bd3 e4 22. Be2 Rxd2 23. Qxd2 Qc6 24. Qc3 Qg6 25. Bd1 Bxd1 26. Rxd1 Qf5 27. Qd2 Qg4 28. Qd7 Qxd7 29. Rxd7 Rc8 30. c5 Kf8 31. Kc2 Ke8 32. Rd4 Rd8 33. Rxe4+ Kf8 34. Rd4 Re8 35. Kd3 b6 36. b4 bxc5 37. bxc5 Re5 38. Kc4 Ke7 39. c6 Re6 40. Rd7+ Ke8 41. Rxc7 Kd8 42. Rxf7 Rxc6+ 43. Kd3 Ra6 44. Rxg7 Rxa3+ 45. Ke4 Ra4+ 46. Kf5 Rxh4 47. Rxa7 Rg4 48. g6 Rg2 49. f4 h4 50. Rh7 1-0

[Event "Titled Tuesday intern op 12th May"]
[Site "Chess.com INT"]
[Date "2020.05.12"]
[Round "2"]
[White "Divya, Deshmukh"]
[Black "Smith, Ricando"]
[Result "1-0"]
[WhiteElo "2305"]
[BlackElo "2247"]
[PlyCount "83"]
[EventDate "2020.05.12"]
[EventType "swiss (blitz)"]
[EventRounds "10"]
[EventCountry "USA"]
[SourceTitle "EXT 2021"]
[Source "ChessBase"]
[SourceDate "2020.10.23"]
[SourceVersion "1"]
[SourceVersionDate "2020.10.23"]
[SourceQuality "1"]

1. e4 c5 2. Nf3 e6 3. d4 cxd4 4. Nxd4 Nc6 5. Nc3 Qc7 6. Be3 a6 7. Be2 Nf6 8. 0-0 Be7 9. f4 d6 10. Bf3 0-0 11. Qe2 Nxd4 12. Bxd4 e5 13. Be3 exf4 14. Bxf4 Be6 15. Kh1 Bc4 16. Qf2 Bxf1 17. Rxf1 Rac8 18. Qg3 Kh8 19. Rd1 Rfd8 20. Bg5 Qc5 21. h4 h6 22. Bf4 Nh5 23. Qg4 Nxf4 24. Qxf4 Qe5 25. Qxf7 Rf8 26. Qg6 Rf4 27. Rd5 Rxh4+ 28. Kg1 Qh2+ 29. Kf2 Rf8 30. Rf5 Bf6 31. Ne2 Be7 32. Rxf8+ Bxf8 33. Qe8 Kg8 34. e5 Qxe5 35. Qg6 Rb4 36. Qd3 Rxb2 37. Bd5+ Kh8 38. Qf3 Qf6 39. Nf4 Rxc2+ 40. Kg1 Qd4+ 41. Kh2 Qf6 42. Ng6+ 1-0

[Event "Titled Tuesday intern op 5th May"]
[Site "Chess.com INT"]
[Date "2020.05.05"]
[Round "6"]
[White "Neelotpal, Das"]
[Black "Smith, Ricando"]
[Result "1-0"]
[WhiteElo "2425"]
[BlackElo "2269"]
[PlyCount "37"]
[EventDate "2020.05.05"]
[EventType "swiss (blitz)"]
[EventRounds "10"]
[EventCountry "USA"]
[SourceTitle "EXT 2021"]
[Source "ChessBase"]
[SourceDate "2020.10.23"]
[SourceVersion "1"]
[SourceVersionDate "2020.10.23"]
[SourceQuality "1"]

1. e4 c5 2. Nc3 e6 3. g3 a6 4. Bg2 b5 5. d3 Bb7 6. f4 Nf6 7. Nh3 d5 8. Qe2 Be7 9. 0-0 0-0 10. e5 Nfd7 11. f5 b4 12. Na4 exf5 13. Rxf5 g6 14. Rf1 f5 15. exf6 Nxf6 16. Bh6 Re8 17. Qe6+ Kh8 18. Ng5 Qd7 19. Qf7 1-0

[Event "Titled Tuesday intern op 5th May"]
[Site "Chess.com INT"]
[Date "2020.05.05"]
[Round "5"]
[White "Smith, Ricando"]
[Black "Badelka, Olga"]
[Result "0-1"]
[WhiteElo "2274"]
[BlackElo "2427"]
[PlyCount "86"]
[EventDate "2020.05.05"]
[EventType "swiss (blitz)"]
[EventRounds "10"]
[EventCountry "USA"]
[SourceTitle "EXT 2021"]
[Source "ChessBase"]
[SourceDate "2020.10.23"]
[SourceVersion "1"]
[SourceVersionDate "2020.10.23"]
[SourceQuality "1"]

1. c4 c5 2. Nc3 Nc6 3. g3 g6 4. Bg2 Bg7 5. a3 d6 6. Rb1 a5 7. e3 e6 8. Nge2 Nge7 9. 0-0 0-0 10. d4 cxd4 11. Nxd4 Nf5 12. Nxc6 bxc6 13. Bxc6 Rb8 14. Be4 Bxc3 15. bxc3 Rxb1 16. Bxb1 Bb7 17. e4 Ng7 18. Bh6 Qc7 19. Bd3 Rd8 20. Qd2 Qc6 21. Qg5 Rc8 22. Qxa5 Nf5 23. Bg5 h6 24. Bd2 h5 25. Rb1 Ne7 26. Qa7 Rc7 27. Rb6 Qd7 28. Qa5 d5 29. cxd5 exd5 30. Bb5 Qg4 31. Bf1 dxe4 32. Be3 Qd7 33. Qb4 Nd5 34. Qd4 Nxb6 35. Qxb6 Rxc3 36. Qb4 Rc8 37. Qb6 Qc6 38. Qb4 Qd5 39. Qe7 Kh7 40. Qf6 Qe6 41. Qf4 Kg8 42. Qh6 Rd8 43. Bg5 Rd1 0-1

[Event "Titled Tuesday intern op 5th May"]
[Site "Chess.com INT"]
[Date "2020.05.05"]
[Round "9"]
[White "Smith, Ricando"]
[Black "Nguyen, Hong Anh1111"]
[Result "0-1"]
[WhiteElo "2265"]
[BlackElo "1970"]
[PlyCount "98"]
[EventDate "2020.05.05"]
[EventType "swiss (blitz)"]
[EventRounds "10"]
[EventCountry "USA"]
[SourceTitle "EXT 2021"]
[Source "ChessBase"]
[SourceDate "2020.10.23"]
[SourceVersion "1"]
[SourceVersionDate "2020.10.23"]
[SourceQuality "1"]

1. c4 Nf6 2. Nc3 d5 3. cxd5 Nxd5 4. g3 g6 5. Bg2 Nb6 6. d3 Bg7 7. Be3 0-0 8. Qd2 N8d7 9. Bh6 Nf6 10. h4 Bxh6 11. Qxh6 Ng4 12. Qd2 h5 13. 0-0-0 Nxf2 14. Nf3 Kg7 15. Rdf1 Nxh1 16. Bxh1 Be6 17. Ng5 Qd7 18. Qf4 Rad8 19. g4 Bxg4 20. Nxf7 Bf5 21. Nxd8 Qxd8 22. Bxb7 Qd6 23. Qg5 Qf6 24. Qg3 Qd6 25. Qf2 Rf6 26. Qe3 c6 27. Ne4 Bxe4 28. Rxf6 exf6 29. Qxe4 Nd5 30. Qa4 Qc5+ 31. Qc4 Qe3+ 32. Kd1 Nf4 33. Qc2 Ng2 34. Qd2 Qg1+ 35. Kc2 Qb6 36. Bc8 Ne3+ 37. Kb1 Nd5 38. e4 Ne7 39. Be6 c5 40. Bc4 Nc6 41. Qe3 Ne5 42. b3 a5 43. Kc2 a4 44. bxa4 Qb4 45. Bb3 Qa5 46. Qd2 Qb6 47. Qc3 Nf3 48. a5 Nd4+ 49. Kb2 Qb5 0-1

[Event "Titled Tuesday intern op 7th Januar"]
[Site "Chess.com INT"]
[Date "2020.01.07"]
[Round "7"]
[White "Brendan, Joe"]
[Black "Smith, Ricando"]
[Result "0-1"]
[WhiteElo "2092"]
[BlackElo "2239"]
[PlyCount "54"]
[EventDate "2020.01.07"]
[EventType "swiss (blitz)"]
[EventRounds "10"]
[EventCountry "USA"]
[SourceTitle "EXT 2021"]
[Source "ChessBase"]
[SourceDate "2020.10.23"]
[SourceVersion "1"]
[SourceVersionDate "2020.10.23"]
[SourceQuality "1"]

1. d4 Nf6 2. Nc3 d5 3. Bf4 a6 4. e3 g6 5. Nf3 Bg7 6. Bd3 0-0 7. 0-0 c5 8. dxc5 Qa5 9. Qd2 Qxc5 10. Rab1 Nc6 11. e4 dxe4 12. Nxe4 Nxe4 13. Bxe4 Bg4 14. h3 Be6 15. Be3 Qh5 16. Rfd1 Rfd8 17. Qe2 Bxa2 18. Ra1 Be6 19. c3 Bb3 20. Rxd8+ Rxd8 21. Bxc6 bxc6 22. Qxa6 c5 23. Qb6 Qd5 24. Qxc5 Qd3 25. Qxe7 Be6 26. Ng5 Be5 27. Nxe6 Qd1+ 0-1

[Event "Titled Tuesday intern op 7th Januar"]
[Site "Chess.com INT"]
[Date "2020.01.07"]
[Round "2"]
[White "Potapova, Margarita"]
[Black "Smith, Ricando"]
[Result "1-0"]
[WhiteElo "2300"]
[BlackElo "2258"]
[PlyCount "83"]
[EventDate "2020.01.07"]
[EventType "swiss (blitz)"]
[EventRounds "10"]
[EventCountry "USA"]
[SourceTitle "EXT 2021"]
[Source "ChessBase"]
[SourceDate "2020.10.23"]
[SourceVersion "1"]
[SourceVersionDate "2020.10.23"]
[SourceQuality "1"]

1. Nf3 c5 2. e4 e6 3. c4 Nc6 4. Nc3 Nf6 5. Be2 e5 6. 0-0 d6 7. d3 h6 8. a3 Be7 9. b4 0-0 10. Rb1 b6 11. Be3 Nd4 12. Bxd4 cxd4 13. Nd5 Nh7 14. Nd2 Bb7 15. g3 Bxd5 16. cxd5 f5 17. exf5 Rxf5 18. Bg4 Rf8 19. Ne4 g6 20. Be6+ Kg7 21. h4 h5 22. Rc1 Bxh4 23. gxh4 Qxh4 24. Rc7+ Kh8 25. f3 Ng5 26. Qe2 Nxe4 27. dxe4 d3 28. Qh2 Qd8 29. Rcc1 Rf4 30. Rcd1 Qg5+ 31. Qg2 Qh4 32. Rxd3 g5 33. Qh2 Qxh2+ 34. Kxh2 g4 35. Bf5 Rf8 36. Kg3 Kg7 37. Rh1 gxf3 38. Rxf3 Rxf3+ 39. Kxf3 Kh6 40. Rg1 Rf6 41. Rg8 h4 42. Kg4 1-0

[Event "Titled Tuesday intern op 2nd July"]
[Site "Chess.com INT"]
[Date "2019.07.02"]
[Round "1"]
[White "Smith, Ricando"]
[Black "Tregubov, Pavel V"]
[Result "1/2-1/2"]
[WhiteElo "2195"]
[BlackElo "2588"]
[PlyCount "43"]
[EventDate "2019.07.02"]
[EventType "swiss (blitz)"]
[EventRounds "10"]
[EventCountry "USA"]
[SourceTitle "EXT 2021"]
[Source "ChessBase"]
[SourceDate "2020.10.23"]
[SourceVersion "1"]
[SourceVersionDate "2020.10.23"]
[SourceQuality "1"]

1. d4 Nf6 2. c4 e6 3. Nc3 Bb4 4. f3 c5 5. a3 Bxc3+ 6. bxc3 0-0 7. e4 d6 8. Bd3 e5 9. Ne2 Nc6 10. 0-0 h6 11. f4 Re8 12. d5 Na5 13. fxe5 dxe5 14. Ng3 b6 15. Nf5 Bxf5 16. Rxf5 Nb7 17. Rf2 Nd6 18. Qf3 Nh7 19. Qh5 Nf6 20. Qf3 Nh7 21. Qh5 Nf6 22. Qf3 1/2-1/2

[Event "Titled Tuesday intern op 4th Dec"]
[Site "Chess.com INT"]
[Date "2018.12.04"]
[Round "3"]
[White "Mosesov, Danylo"]
[Black "Smith, Ricando"]
[Result "1-0"]
[WhiteElo "2343"]
[BlackElo "2220"]
[PlyCount "36"]
[EventDate "2018.12.04"]
[EventType "swiss (blitz)"]
[EventRounds "10"]
[EventCountry "USA"]
[SourceTitle "EXT 2021"]
[Source "ChessBase"]
[SourceDate "2020.10.23"]
[SourceVersion "1"]
[SourceVersionDate "2020.10.23"]
[SourceQuality "1"]

1. e4 c5 2. Nf3 e6 3. d4 cxd4 4. Nxd4 Nc6 5. Nc3 Qc7 6. Be3 a6 7. Be2 Nf6 8. 0-0 h5 9. h3 d6 10. f4 Bd7 11. Bf3 Rc8 12. Nb3 b5 13. Re1 Be7 14. Qe2 h4 15. Bf2 g6 16. Nd5 Nxd5 17. exd5 Nb4 18. c3 Nxa2 1-0

[Event "Titled Tuesday intern op 4th Dec"]
[Site "Chess.com INT"]
[Date "2018.12.04"]
[Round "5"]
[White "Smith, Ricando"]
[Black "Sanchez Alarcon, Juan"]
[Result "1-0"]
[WhiteElo "2226"]
[BlackElo "2241"]
[PlyCount "47"]
[EventDate "2018.12.04"]
[EventType "swiss (blitz)"]
[EventRounds "10"]
[EventCountry "USA"]
[SourceTitle "EXT 2021"]
[Source "ChessBase"]
[SourceDate "2020.10.23"]
[SourceVersion "1"]
[SourceVersionDate "2020.10.23"]
[SourceQuality "1"]

1. e4 c5 2. Nc3 Nc6 3. Bb5 e6 4. Bxc6 bxc6 5. f4 f6 6. Nf3 Ne7 7. 0-0 Ng6 8. d3 Be7 9. f5 Nf8 10. Nh4 Qb6 11. Qh5+ Kd8 12. Qf7 g6 13. Qg7 c4+ 14. Kh1 cxd3 15. cxd3 Ba6 16. Qxh8 Bxd3 17. Rd1 Qf2 18. Nf3 Be2 19. Nxe2 Qxe2 20. Re1 Qc2 21. fxe6 dxe6 22. Bh6 Kc7 23. Qg7 Qc5 24. Rac1 1-0

[Event "Titled Tuesday intern op 6th Nov"]
[Site "Chess.com INT"]
[Date "2018.11.06"]
[Round "4"]
[White "Borodavkin, Anatoly"]
[Black "Smith, Ricando"]
[Result "1-0"]
[WhiteElo "2035"]
[BlackElo "2198"]
[PlyCount "125"]
[EventDate "2018.11.06"]
[EventType "swiss (blitz)"]
[EventRounds "10"]
[EventCountry "USA"]
[SourceTitle "EXT 2021"]
[Source "ChessBase"]
[SourceDate "2020.10.23"]
[SourceVersion "1"]
[SourceVersionDate "2020.10.23"]
[SourceQuality "1"]

1. e4 c5 2. Nc3 e6 3. g3 Nc6 4. Bg2 g6 5. d3 Bg7 6. Be3 d6 7. f4 Nge7 8. Nf3 0-0 9. 0-0 Nd4 10. e5 Nxf3+ 11. Qxf3 d5 12. Bxc5 b6 13. Bf2 Bb7 14. Ne2 Rb8 15. d4 h5 16. h3 Nf5 17. g4 hxg4 18. hxg4 Nh4 19. Bxh4 Qxh4 20. g5 Ba6 21. c3 Rfc8 22. Rf2 b5 23. Bf1 Qh5 24. Qg3 f5 25. Rh2 Qg4 26. Qxg4 fxg4 27. a3 Bb7 28. Kf2 a5 29. Kg3 Bc6 30. Kxg4 b4 31. axb4 axb4 32. Ng3 bxc3 33. bxc3 Rb3 34. Rc2 Be8 35. c4 dxc4 36. Rxc4 Rcb8 37. Ra7 Bc6 38. Rxc6 Re3 39. Rcc7 Bf8 40. Bc4 Rb6 41. Rab7 Rxb7 42. Bxe6+ Kh8 43. Rxb7 Rd3 44. d5 Rd4 45. d6 Bxd6 46. exd6 Rxd6 47. Bc4 Rd4 48. Be2 Rd2 49. Bf3 Rd3 50. Be4 Rd6 51. Rf7 Kg8 52. Rf6 Rd4 53. Rxg6+ Kf7 54. Ra6 Ke7 55. g6 Kf8 56. g7+ Kxg7 57. Nf5+ Kf7 58. Nxd4 Kg8 59. Kg5 Kg7 60. Ra7+ Kf8 61. Kf6 Ke8 62. Nc6 Kf8 63. Ra8# 1-0

[Event "Titled Tuesday intern op 4th Sept"]
[Site "Chess.com INT"]
[Date "2018.09.04"]
[Round "2"]
[White "Sailer, Mike L"]
[Black "Smith, Ricando"]
[Result "1-0"]
[WhiteElo "2141"]
[BlackElo "2190"]
[PlyCount "63"]
[EventDate "2018.09.04"]
[EventType "swiss (blitz)"]
[EventRounds "10"]
[EventCountry "USA"]
[SourceTitle "EXT 2021"]
[Source "ChessBase"]
[SourceDate "2020.10.23"]
[SourceVersion "1"]
[SourceVersionDate "2020.10.23"]
[SourceQuality "1"]

1. c4 e5 2. g3 Nf6 3. Bg2 g6 4. Nc3 Bg7 5. d3 0-0 6. Nf3 d6 7. 0-0 h6 8. Rb1 a5 9. a3 Re8 10. Bd2 c6 11. b4 axb4 12. axb4 d5 13. b5 Nbd7 14. bxc6 bxc6 15. cxd5 cxd5 16. Qc1 Kh7 17. Nb5 Rb8 18. Nd6 Rf8 19. Rxb8 Nxb8 20. Nxc8 e4 21. dxe4 dxe4 22. Nd4 Qxd4 23. Be3 Qd8 24. Nb6 Nbd7 25. Nxd7 Qxd7 26. Rd1 Qb5 27. Qd2 Re8 28. Bd4 Qa4 29. e3 Rd8 30. Qe2 Ne8 31. Bxe4 Bxd4 32. exd4 1-0

[Event "Titled Tuesday intern op 7th Aug"]
[Site "Chess.com INT"]
[Date "2018.08.07"]
[Round "10"]
[White "Smith, Ricando"]
[Black "Carlsson, Ludvig"]
[Result "0-1"]
[WhiteElo "2111"]
[BlackElo "2118"]
[PlyCount "118"]
[EventDate "2018.08.07"]
[EventType "swiss (blitz)"]
[EventRounds "10"]
[EventCountry "USA"]
[SourceTitle "EXT 2021"]
[Source "ChessBase"]
[SourceDate "2020.10.23"]
[SourceVersion "1"]
[SourceVersionDate "2020.10.23"]
[SourceQuality "1"]

1. e4 e5 2. Nf3 Nc6 3. Bb5 a6 4. Ba4 Nf6 5. d3 d6 6. c4 Be7 7. Nc3 0-0 8. h3 Nd7 9. Be3 Nc5 10. Bxc5 dxc5 11. Bxc6 bxc6 12. Nxe5 Qd6 13. Nf3 Rd8 14. Ke2 f5 15. e5 Qg6 16. Kf1 f4 17. Ne4 Bf5 18. Qe2 Rxd3 19. Qxd3 Bxe4 20. Qc3 Rd8 21. Ne1 Rd4 22. b3 Qe6 23. Nf3 Rd3 24. Qe1 Qf5 25. Rd1 Rxf3 26. gxf3 Bxf3 27. Rh2 Bxd1 28. Qxd1 f3 29. Kg1 Bg5 30. h4 Bf4 31. Qf1 Bxh2+ 32. Kxh2 Qxe5+ 33. Kh1 Qe4 34. Qh3 Qe1+ 35. Kh2 Qxf2+ 36. Kh1 Qg2+ 37. Qxg2 fxg2+ 38. Kxg2 Kf7 39. Kf3 Ke6 40. Ke4 g6 41. Kf4 h6 42. Ke4 g5 43. hxg5 hxg5 44. Kf3 Kf5 45. a3 a5 46. a4 Ke5 47. Kg4 Kd4 48. Kxg5 Kc3 49. Kf4 Kxb3 50. Ke4 Kxc4 51. Ke3 Kb4 52. Kd2 Kxa4 53. Kc3 Ka3 54. Kc4 Kb2 55. Kd3 a4 56. Kc4 a3 57. Kxc5 a2 58. Kxc6 a1Q 59. Kxc7 Qa6 0-1